[Event "FRA-chT U20 0304"]
[Site "France"]
[Date "2003.11.??"]
[Round "2"]
[White "Le Guyader, Clement"]
[Black "Bui Quang, Jean"]
[Result "0-1"]
[WhiteElo "1300"]
[BlackElo "1350"]
[PlyCount "96"]
[EventDate "2003.11.??"]
[EventType "team"]
[EventRounds "11"]
[EventCountry "FRA"]
[SourceTitle "EXT 2005"]
[Source "ChessBase"]
[SourceDate "2004.11.15"]
[SourceVersion "1"]
[SourceVersionDate "2004.11.15"]
[SourceQuality "1"]
[WhiteTeam "Guingamp"]
[BlackTeam "Niort"]
[WhiteTeamCountry "FRA"]
[BlackTeamCountry "FRA"]

1. e4 c5 2. Nf3 Nc6 3. Nc3 d6 4. Bc4 Nf6 5. d3 g6 6. Ng5 e6 7. 0-0 Bg7 8. Bf4 Nd4 9. Nb5 Nxb5 10. Bxb5+ Ke7 11. e5 dxe5 12. Bxe5 Qd5 13. Bxf6+ Bxf6 14. Ne4 Bxb2 15. Bc4 Qe5 16. Rb1 Rd8 17. Re1 Bd4 18. Qd2 Kf8 19. c3 f5 20. Ng3 Bxc3 21. Rxe5 Bxd2 22. Bxe6 Re8 23. Re2 Bxe6 24. Rxd2 b6 25. h3 Rad8 26. Ra1 Bc4 27. Re2 Rxd3 28. Rxe8+ Kxe8 29. Re1+ Kf7 30. a4 Bb3 31. Ra1 Rd1+ 32. Rxd1 Bxd1 33. Kf1 Bxa4 34. Ke1 Ke6 35. Ne2 g5 36. Nc3 Bc6 37. Kd2 Bxg2 38. Nb5 Bxh3 39. Nxa7 h5 40. Ke2 h4 41. Kf3 Ke5 42. Nc6+ Kd5 43. Ne7+ Kd4 44. Nc6+ Kc3 45. Ne5 Bg4+ 46. Kg2 c4 47. Nxg4 fxg4 48. Kg1 Kd2 0-1